| 000 | 00938nam a22002897a 4500 | ||
|---|---|---|---|
| 001 | 4473 | ||
| 003 | FISKH | ||
| 005 | 20241024142441.0 | ||
| 008 | 240911b cb ||||| |||| 00| 0 eng d | ||
| 020 | _a9780152025052 | ||
| 040 |
_aFISKH _beng _cFISKH _dFISKH |
||
| 050 | _aPZ7.E749 | ||
| 082 | _2813.54 | ||
| 100 |
_aEstes, Eleanor _d(1906–1988) |
||
| 245 |
_aGinger pye / _cEleanor Estes With Illustrations by The Author |
||
| 250 | _aFirst edition in 2000 | ||
| 260 |
_aFlorida : _bHarcourt Young Classics, _c1951. |
||
| 300 |
_a307 pages : _c20 cm |
||
| 505 | _aZ | ||
| 520 | _aThe disappearance of a new puppy named Ginger and the appearance of a mysterious man in a mustard yellow hat bring excitement into the lives of the Pye children. | ||
| 521 | 8 |
_a990
_bLexile |
|
| 521 | 8 |
_aZ
_bRaz-Plus |
|
| 650 |
_2Fiction _aNewbery _vPets |
||
| 650 |
_2Siblings _aAward winner |
||
| 942 |
_2ddc _cBK _n0 |
||
| 999 |
_c4473 _d4473 |
||